Alameda County Cities - Statistics

General Stats
  • This quiz has been taken 12 times
  • The average score is 15 of 19
Answer Stats
Hint Answer % Correct
The Name of the County Alameda
100%
Exact name of the state capital of New York Albany
100%
The capital of Ireland Dublin
100%
Alameda county seat Oakland
100%
Home to a university Berkeley
88%
Home to IKEA Emeryville
88%
The southernmost city Fremont
88%
3rd largest city in Alameda County Hayward
88%
Surrounded by The southernmost city Newark
88%
Surrounded by Alameda county seat Piedmont
88%
South of the county seat of Alameda San Leandro
88%
A city that touches the 3rd largest city in Alameda Union City
88%
A valley Castro Valley
75%
The most populous in the Tri-Valley region Livermore
75%
2nd most populous in the Tri-Valley region Pleasanton
75%
West of a valley Ashland
50%
Home to meek park Cherryland
50%
Similar name to South of the county seat of Alameda San Lorenzo
50%
South of a valley Fairview
38%
No matching quizzes found
Score Distribution
Percent of People with Each Score
Percentile by Number Answered
Your Score History
You have not taken this quiz